00257nam a22000977a 4500008004100000020002200041082001100063100002500074245004300099300001700142230314b |||||||| |||| 00| 0 eng d a978-99936-27-20-3 a344.68 aParliament of Bhutan aDisaster Management Act of Bhutan 2013 a41 p.c21 cm